Vianočný futbalový turnaj

Bibliographic Details
Format: Article
Language:Slovak
PhysicalDescription:Fotogr.
Subjects:

MARC

LEADER 00000nab a2200000 a 4500
001 vtls010660184
003 SK-MaSNL
005 20260305032653.0
008 150311 2015 xo q 000 0 slo
038 |a PPPK 
040 |a PPPKCL  |b slo  |c PPPK  |e AACR2 
041 0 |a slo 
044 |a xo  |c SK 
080 |a 796.332.093.42  |2 2001 
245 0 0 |a Vianočný futbalový turnaj 
300 |b Fotogr. 
500 |a Autor a fotograf článku nie sú uvedení. 
611 2 7 |a Vianočný futbalový turnaj o pohár primátora mesta  |d (2014 :  |c Spišská Belá, Slovensko)  |2 pppkcl  |9 1612250 
648 7 |a 26.12.2014  |2 pppkcl  |9 1223048 
650 0 7 |a futbal  |2 pppkcl  |9 3291 
650 0 7 |a futbalové zápasy  |2 pppkcl  |9 71116 
651 7 |a Spišská Belá (Slovensko)  |2 pppkcl  |9 16198 
651 7 |a Kežmarok (Slovensko : okres)  |2 pppkcl  |9 51824 
773 0 |t Spišskobeliansky spravodaj  |g Roč. 13, č. 1 (2015), s. 15 
852 |a PPPK  |b KIS3GCP 
999 |c 3321079  |d 3323009